书目信息 |
| 题名: |
婚姻家庭与亲属制度
|
|
| 作者: | 郑一省 编 | |
| 分册: | ||
| 出版信息: | 广州 世界图书出版广东有限公司 2021.07 |
|
| 页数: | 212页 | |
| 开本: | 24cm | |
| 丛书名: | ||
| 单 册: | ||
| 中图分类: | C913.13 | |
| 科图分类: | ||
| 主题词: | 婚姻问题--hun yin wen ti--研究 , 家庭问题--jia ting wen ti--研究 , 亲属制度--qin shu zhi du--研究 | |
| 电子资源: | ||
| ISBN: | 978-7-5192-8677-4 | |
| 000 | 01250nam0 2200289 450 | |
| 001 | 0100029197 | |
| 005 | 20211025120205.0 | |
| 010 | @a978-7-5192-8677-4@dCNY48.00 | |
| 100 | @a20210812d2021 em y0chiy50 ea | |
| 101 | 0 | @achi |
| 102 | @aCN@b440000 | |
| 105 | @aa a 000yy | |
| 106 | @ar | |
| 200 | 1 | @a婚姻家庭与亲属制度@Ahun yin jia ting yu qin shu zhi du@f郑一省编 |
| 210 | @a广州@c世界图书出版广东有限公司@d2021.07 | |
| 215 | @a212页@c图@d24cm | |
| 306 | @a广西民族大学民族学专业 广西本科高校特色专业及实验实训教学中心建设项目资助出版 | |
| 314 | @a郑一省, 现为广西民族大学教授, 博士生导师, 广西侨乡文化研究中心主任。 | |
| 320 | @a有书目 | |
| 330 | @a本书分婚姻家庭与亲属制度的理论、婚姻制度、家庭制度、亲属制度4章, 梳理与阐释了中西方学者在婚姻、家庭与亲属关系的理论发展轨迹, 以及各时期各个代表人物对婚姻、家庭和亲属关系的看法与观点。并较为全面而系统地讲解了婚姻、家庭与亲属关系的概念、特征及所蕴含的内在联系及意义, 以及它们在历史和现实中的发展与变化。 | |
| 606 | 0 | @a婚姻问题@Ahun yin wen ti@x研究 |
| 606 | 0 | @a家庭问题@Ajia ting wen ti@x研究 |
| 606 | 0 | @a亲属制度@Aqin shu zhi du@x研究 |
| 690 | @aC913.13@v5 | |
| 701 | 0 | @a郑一省@Azheng yi sheng@4编 |
| 801 | 0 | @aCN@c20210909 |
| 905 | @a河南城建学院图书馆@dC913.13@eZ458 | |
| 婚姻家庭与亲属制度/郑一省编.-广州:世界图书出版广东有限公司,2021.07 |
| 212页:图;24cm |
| ISBN 978-7-5192-8677-4:CNY48.00 |
| 本书分婚姻家庭与亲属制度的理论、婚姻制度、家庭制度、亲属制度4章, 梳理与阐释了中西方学者在婚姻、家庭与亲属关系的理论发展轨迹, 以及各时期各个代表人物对婚姻、家庭和亲属关系的看法与观点。并较为全面而系统地讲解了婚姻、家庭与亲属关系的概念、特征及所蕴含的内在联系及意义, 以及它们在历史和现实中的发展与变化。 |
| ● |
| 相关链接 |
|
|
|
正题名:婚姻家庭与亲属制度
索取号:C913.13/Z458
 
预约/预借
| 序号 | 登录号 | 条形码 | 馆藏地/架位号 | 状态 | 备注 |
| 1 | 1547837 | 215478374 | 社科库509/509社科库 61排3列3层/ [索取号:C913.13/Z458] | 在馆 | |
| 2 | 1547838 | 215478383 | 社科库509/509社科库 61排3列3层/ [索取号:C913.13/Z458] | 在馆 |